[Event "38th Olympiad"]
[Site "Dresden GER"]
[Date "2008.11.13"]
[Round "1"]
[White "Onischuk,Al"]
[Black "Steingrimsson,H"]
[Result "1-0"]
[WhiteElo "2644"]
[BlackElo "2540"]

1.d4 d5 2.c4 c6 3.Nf3 e6 4.e3 Nf6 5.Nbd2 c5 6.cxd5 Nxd5 7.e4 Nb6 8.Nb3 cxd4
9.Nbxd4 Bd7 10.Be2 Bb4+ 11.Bd2 Be7 12.O-O O-O 13.a4 Bc6 14.Qc2 a5 15.Rfd1 N6d7
16.Rac1 e5 17.Nf5 f6 18.Bb5 Kh8 19.Be3 Bb4 20.Nd2 g6 21.Ng3 Qe7 22.Nc4 Rd8
23.Ne2 Na6 24.Bxc6 bxc6 25.Rxd7 Rxd7 26.Nb6 Rad8 27.Nxd7 Qxd7 28.h3 Nb8 29.Qc4 Kg7
30.Nc3 Qf7 31.Qxf7+ Kxf7 32.Kf1 Ke8 33.Ke2 Kd7 34.Bb6 Rc8 35.Na2 Bd6 36.Bxa5 c5
37.Rc4 Nc6 38.Bc3 f5 39.f3 fxe4 40.fxe4 Nd4+ 41.Bxd4 exd4 42.b4 Re8 43.bxc5 Rxe4+
44.Kd3 Re3+ 45.Kxd4 Re2 46.Nc1 Be5+ 47.Kd5  1-0

[Event "38th Olympiad"]
[Site "Dresden GER"]
[Date "2008.11.14"]
[Round "2"]
[White "Onischuk,Al"]
[Black "Halkias,S"]
[Result "1-0"]
[WhiteElo "2644"]
[BlackElo "2584"]

1.d4 Nf6 2.c4 e6 3.Nf3 d5 4.Nc3 Bb4 5.Qa4+ Nc6 6.e3 O-O 7.Bd2 dxc4 8.Bxc4 Bd6
9.O-O e5 10.d5 Ne7 11.e4 Ng6 12.Rfe1 a6 13.Qd1 h6 14.Bf1 Bd7 15.Qb3 Rb8 16.Rac1 Nh5
17.Na4 Qe7 18.Be3 Nf6 19.Nc5 Bc8 20.Qc2 a5 21.h3 Nh5 22.Nd2 Nhf4 23.Nd3 Qf6
24.Nc4 Nxd3 25.Qxd3 Bb4 26.Red1 b5 27.Na3 Nf4 28.Bxf4 exf4 29.Nxb5 Ba6 30.a4 Bxb5
31.axb5 Qxb2 32.Rxc7 Qe5 33.d6 Rfd8 34.Rc6 Rb7 35.Qd4 Qxd4 36.Rxd4 Kf8 37.e5 g5
38.b6 Rdb8 39.Ba6 Rxb6 40.Rxb6 Rxb6 41.d7 Be7 42.d8=Q+ Bxd8 43.Rxd8+ Ke7
44.Ra8 Rb1+ 45.Bf1 Ra1 46.Ra6  1-0

[Event "38th Olympiad"]
[Site "Dresden GER"]
[Date "2008.11.15"]
[Round "3"]
[White "Onischuk,Al"]
[Black "Steel,H"]
[Result "1-0"]
[WhiteElo "2644"]
[BlackElo "2280"]

1.d4 Nf6 2.c4 g6 3.Nc3 Bg7 4.Nf3 O-O 5.g3 d5 6.cxd5 Nxd5 7.Bg2 Nb6 8.O-O Nc6
9.e3 Bd7 10.Qe2 a5 11.Rd1 a4 12.Ne4 Qe8 13.Nc5 Na5 14.e4 Bb5 15.Qc2 Nc8 16.e5 b6
17.Ne4 Ra7 18.Bf4 f5 19.Neg5 e6 20.d5 exd5 21.Nd4 Ne7 22.Nge6 c5 23.Nxb5 Qxb5
24.Nxf8 Bxf8 25.Bxd5+ Nxd5 26.Rxd5 Nc6 27.Rad1 Nb4 28.Qd2 Nxd5 29.Qxd5+ Kg7
30.e6 Be7 31.Bb8 Ra6 32.Qe5+ Kh6 33.Rd7  1-0

[Event "38th Olympiad"]
[Site "Dresden GER"]
[Date "2008.11.16"]
[Round "4"]
[White "Gashimov,V"]
[Black "Onischuk,Al"]
[Result "1/2-1/2"]
[WhiteElo "2703"]
[BlackElo "2644"]

1.e4 e5 2.Nf3 Nc6 3.Bb5 a6 4.Ba4 Nf6 5.O-O Be7 6.Re1 d6 7.Bxc6+ bxc6 8.d4 exd4
9.Nxd4 Bd7 10.c4 O-O 11.Nc3 c5 12.Nc2 Be6 13.b3 Ng4 14.f3 Bf6 15.Bb2 Ne5
16.Ne3 Nc6 17.Qd2 Be5 18.Ne2 Qg5 19.Bxe5 dxe5 20.f4 exf4 21.Nd5 Bxd5 22.exd5 Ne5
23.Qxf4 h6 24.Qxg5 hxg5 25.Nc3 Rfe8 26.Rad1 Nd7 27.d6 Rxe1+ 28.Rxe1 cxd6
29.Rd1 Re8 30.Rxd6 Nf6 31.Kf1 Re6 32.Rxe6 fxe6 33.Na4 Nd7 34.Ke2 Kf7 35.Kf3 Ke7
36.h3 Ne5+ 37.Ke3 Nd7 38.Nb2 Kd6 39.Nd3 Nf6 40.g4 Nd7 41.Ne1 Ne5 42.Ke4 Nf7
43.Nf3 Kc6 44.Kd3 Kb6 45.Kc3 a5 46.Kd3 Kc6 47.Nd2 Nd6 48.Nf3 Nf7 49.Nd2  1/2-1/2

[Event "38th Olympiad"]
[Site "Dresden GER"]
[Date "2008.11.19"]
[Round "6"]
[White "Quezada Perez,Y"]
[Black "Onischuk,Al"]
[Result "1-0"]
[WhiteElo "2580"]
[BlackElo "2644"]

1.e4 e5 2.Nf3 Nc6 3.Bb5 Nf6 4.O-O Nxe4 5.d4 Nd6 6.Bxc6 dxc6 7.dxe5 Nf5 8.Qxd8+ Kxd8
9.Nc3 Ne7 10.h3 Ng6 11.Be3 Ke8 12.a3 Be7 13.Rad1 f6 14.exf6 gxf6 15.Rfe1 Kf7
16.Bh6 Be6 17.Nd4 Bd7 18.Ne4 Rad8 19.b4 Rhe8 20.c3 b6 21.Ng3 c5 22.Ndf5 cxb4
23.cxb4 Ba4 24.Rc1 Rd7 25.Nxe7 Rexe7 26.Rxe7+ Nxe7 27.Ne2 Bb5 28.Nc3 Bd3
29.f3 Ng6 30.Nd1 Bb5 31.Nb2 f5 32.a4 Ba6 33.b5 Bb7 34.Rc3 a6 35.Nd3 axb5
36.axb5 Kf6 37.Kf2 Ne5 38.Nxe5 Kxe5 39.Ke3 Kd5 40.Kf4 Rf7 41.Bg5 Kd6 42.Bd8 Ba8
43.h4 Rd7 44.Bf6 Ke6 45.Be5 Rd5 46.Bxc7 Rxb5 47.Re3+ Kf7 48.Be5 Rb4+ 49.Kg5 Bc6
50.h5 f4 51.Re1 Bd7 52.Bd6 Rb5+ 53.Kh6 Be6 54.Bxf4 Rf5 55.Be5 Bd5 56.g4 Rxf3
57.Kxh7 Rh3 58.Kh6 Rh1 59.Rxh1 Bxh1 60.g5 Ke6 61.Kg7 Kd5  1-0

[Event "38th Olympiad"]
[Site "Dresden GER"]
[Date "2008.11.20"]
[Round "7"]
[White "Onischuk,Al"]
[Black "Balogh,C"]
[Result "1-0"]
[WhiteElo "2644"]
[BlackElo "2616"]

1.d4 d5 2.c4 c6 3.Nc3 Nf6 4.Nf3 dxc4 5.a4 e6 6.e3 c5 7.Bxc4 Nc6 8.O-O Be7
9.Qe2 cxd4 10.Rd1 O-O 11.Nxd4 Qc7 12.Nxc6 bxc6 13.b3 Bb7 14.Bb2 Rfd8 15.Rxd8+ Rxd8
16.a5 Nd7 17.Qc2 Ne5 18.Be2 a6 19.Ne4 c5 20.Rc1 c4 21.bxc4 Qxa5 22.c5 Qc7
23.Nd6 Nc6 24.Nxb7 Qxb7 25.Ba3 a5 26.Qa4 Qc7 27.h3 h6 28.Bb5 Na7 29.Be2 Nc6
30.Qb5 Rb8 31.Qc4 Bf6 32.Qc2 Nb4 33.Qc4 Nc6 34.Qa4 Be7 35.Bf3 Ne5 36.Be4 Nd7
37.c6 Nb6 38.Qb3 Nd5 39.Qd3 Bxa3 40.Qxa3 Nf6 41.Bf3 e5 42.g3 e4 43.Bg2 Rc8
44.Qa4 Qe5 45.Rc4 g6 46.Bxe4 Nxe4 47.Rxe4 Qd5 48.Rc4 Rc7 49.Rc1 h5 50.Qd4 Qxd4
51.exd4 Kf8 52.d5 Ke7 53.Rc5 a4 54.Ra5 Kd6 55.Kg2 Re7 56.Kf3 Re5 57.Rxa4 Rxd5
58.Rf4 Rc5 59.Rxf7 Ke6 60.Rg7 Kf6 61.Rc7 g5 62.Ke4 g4 63.hxg4 hxg4 64.Kd4 Rc2
65.Kd5 Rxf2 66.Rh7 Rd2+ 67.Kc5 Rc2+ 68.Kb6 Rb2+ 69.Ka7 Rb3 70.c7 Ra3+ 71.Kb6 Rb3+
72.Kc6 Rxg3 73.Rh5  1-0

[Event "38th Olympiad"]
[Site "Dresden GER"]
[Date "2008.11.22"]
[Round "9"]
[White "Ganguly,S"]
[Black "Onischuk,Al"]
[Result "1/2-1/2"]
[WhiteElo "2603"]
[BlackElo "2644"]

1.e4 e5 2.Nf3 Nc6 3.Bb5 Nf6 4.O-O Nxe4 5.d4 Nd6 6.Bxc6 dxc6 7.dxe5 Nf5 8.Qxd8+ Kxd8
9.Nc3 Ne7 10.h3 Ng6 11.b3 a5 12.Bb2 Nf4 13.Rad1+ Ke8 14.Nd4 Bb4 15.a4 Bd7
16.Kh2 Bxc3 17.Bxc3 c5 18.Nb5 Bxb5 19.axb5 Ke7 20.g3 Ne6 21.f4 Rhd8 22.Rxd8 Nxd8
23.Bb2 Ne6 24.f5 Nd4 25.Bxd4 cxd4 26.Kg2 Rd8 27.Kf3 d3 28.Rc1 d2 29.Rd1 g6
30.g4 gxf5 31.gxf5 f6 32.e6 Rd5 33.Kf4 Rd4+ 34.Ke3 Rd5 35.Kf4 Rd4+ 36.Ke3 Rd5
37.Ke4  1/2-1/2

[Event "38th Olympiad"]
[Site "Dresden GER"]
[Date "2008.11.23"]
[Round "10"]
[White "Fridman,D2"]
[Black "Onischuk,Al"]
[Result "1-0"]
[WhiteElo "2630"]
[BlackElo "2644"]

1.d4 Nf6 2.c4 e6 3.g3 d5 4.Nf3 Be7 5.Bg2 O-O 6.Qc2 c5 7.O-O cxd4 8.Nxd4 Nc6
9.Nxc6 bxc6 10.b3 e5 11.Bb2 Qd6 12.e3 Bg4 13.Qc3 Nd7 14.Ba3 Qe6 15.Bxe7 Qxe7
16.Nd2 Nf6 17.h3 Bf5 18.g4 Ne4 19.Qa5 Bg6 20.cxd5 cxd5 21.Nxe4 dxe4 22.Rac1 Qg5
23.Rc4 h5 24.Bxe4 hxg4 25.h4 Qxh4 26.Bxg6 fxg6 27.Qxe5 Rf5 28.Qg3 Qxg3+ 29.fxg3 Re8
30.e4 Rfe5 31.Ra4 a5 32.Rf4 g5 33.Rf5 Rxf5 34.exf5 Re5 35.Kf2 Kf7 36.Rxg4 Kf6
37.Rd4 Kxf5 38.Kf3 Rc5 39.g4+ Ke5 40.Ra4 Kd6 41.Ke3 Rc3+ 42.Ke4 Rc5 43.Rd4+ Ke6
44.Rc4 Re5+ 45.Kd4 Rd5+ 46.Ke3 Rb5 47.Rc6+ Kd7 48.Ra6 Kc7 49.Ke4 g6 50.Rxg6 a4
51.bxa4 Ra5 52.Re6 Kd7 53.Re5 Rxa4+ 54.Kf5 Kd6 55.Re6+ Kd7 56.Re4 Ra5+ 57.Kf6 Kd6
58.Re2 Kd7 59.Re3 Kd6 60.Re6+ Kd7 61.Re5 Rxa2 62.Kxg5  1-0

[Event "38th Olympiad"]
[Site "Dresden GER"]
[Date "2008.11.25"]
[Round "11"]
[White "Onischuk,Al"]
[Black "Eljanov,P"]
[Result "1-0"]
[WhiteElo "2644"]
[BlackElo "2720"]

1.d4 Nf6 2.c4 g6 3.Nc3 d5 4.Nf3 Bg7 5.cxd5 Nxd5 6.e4 Nxc3 7.bxc3 c5 8.Rb1 O-O
9.Be2 b6 10.O-O Bb7 11.d5 Bxc3 12.Bc4 Bg7 13.Qe2 Nd7 14.Bf4 Nf6 15.Rfd1 Qd7
16.Ne5 Qc8 17.h3 Ne8 18.Nc6 Bxc6 19.dxc6 Bd4 20.Rbc1 e5 21.Bh6 Ng7 22.Bd5 Qc7
23.Rd3 Kh8 24.Rf3 f5 25.Qa6 Rab8 26.Ra3 fxe4 27.Qxa7 Rxf2 28.Kh2 Ne8 29.Bxe4 Bb2
30.Rc2 Qxa7 31.Rxa7 Rxc2 32.Bxc2 e4 33.Bf4 Rc8 34.Bxe4 Nf6 35.Bf3 g5 36.Bxg5 Be5+
37.g3 c4 38.Re7 Bd4 39.c7 Ng8 40.Re4 Bf6 41.Bf4  1-0

[Event "XXI Carlos Torre KO"]
[Site "Merida MEX"]
[Date "2008.12.17"]
[Round "1.2"]
[White "Onischuk,Al"]
[Black "Matnadze,A"]
[Result "1-0"]
[WhiteElo "2644"]
[BlackElo "2411"]

1.d4 Nf6 2.c4 e6 3.Nc3 Bb4 4.Qc2 d5 5.cxd5 Qxd5 6.e3 Qd8 7.Nf3 O-O 8.a3 Be7
9.Bd3 h6 10.e4 b6 11.g4 c5 12.dxc5 Ba6 13.Bxa6 Nxa6 14.b4 bxc5 15.b5 Nc7
16.g5 hxg5 17.Bxg5 Nfd5 18.Bxe7 Nxe7 19.Rd1 Qe8 20.a4 f5 21.Rg1 fxe4 22.Qxe4 Nf5
23.Rg4 Rb8 24.Ne5 Rd8 25.Qc6 Nd5 26.Qxe8 Rfxe8 27.Ne4 Rc8 28.Rc1 Nh6 29.Rg5 Rf8
30.Rxc5 Rcd8 31.Nc6 Rd7 32.Rc2 Nf5 33.Ne5 Rb7 34.Rc6 Nd4 35.Rc4 Nf5 36.Nc5 Re7
37.Ng6 Nd6 38.Rh4  1-0

[Event "XXI Carlos Torre KO"]
[Site "Merida MEX"]
[Date "2008.12.17"]
[Round "1.1"]
[White "Matnadze,A"]
[Black "Onischuk,Al"]
[Result "0-1"]
[WhiteElo "2411"]
[BlackElo "2644"]

1.d4 Nf6 2.c4 e6 3.g3 Bb4+ 4.Bd2 Be7 5.Bg2 d5 6.Nf3 O-O 7.Qc2 Nbd7 8.O-O c6
9.Bg5 b6 10.Nbd2 Bb7 11.Rad1 h6 12.Bxf6 Nxf6 13.e4 Rc8 14.Ne5 dxc4 15.Ndxc4 Qc7
16.f4 b5 17.Ne3 Qb6 18.Kh1 Rcd8 19.g4 Rxd4 20.g5 Rxd1 21.Nxd1 hxg5 22.fxg5 Bd6
23.Nf3 Ng4 24.e5 Nxe5 25.Nf2 c5 26.Ne4 Ng6 27.Rd1 Be7 28.h4 Rd8 29.Rf1 Qc7
30.h5 Nf4 31.h6 Nxg2 32.Qc3 Bf8 33.hxg7 Bxg7 34.Nf6+ Bxf6 35.Qxf6 Nh4 36.g6 Nxg6
37.Rg1 Bxf3+  0-1

[Event "XXI Carlos Torre KO"]
[Site "Merida MEX"]
[Date "2008.12.18"]
[Round "2.2"]
[White "Onischuk,Al"]
[Black "Geetha Narayanan,G"]
[Result "1-0"]
[WhiteElo "2644"]
[BlackElo "2548"]

1.d4 Nf6 2.c4 g6 3.Nc3 d5 4.Nf3 Bg7 5.Qb3 dxc4 6.Qxc4 O-O 7.e4 a6 8.Be2 b5
9.Qb3 c5 10.dxc5 Bb7 11.O-O Nxe4 12.Nxe4 Bxe4 13.Bf4 Bd5 14.Qe3 Nc6 15.Rad1 e6
16.Bh6 Bxh6 17.Qxh6 Qf6 18.b3 Rfd8 19.Rd2 b4 20.Rfd1 a5 21.h3 Rdc8 22.Qe3 a4
23.Rc1 axb3 24.axb3 Ra1 25.Rxa1 Qxa1+ 26.Kh2 Kg7 27.Nd4 Nxd4 28.Rxd4 Qa7
29.Rh4 Kg8 30.Bc4 Qxc5 31.Qh6 Qc7+ 32.g3 f6 33.Bxd5 exd5 34.Qd2 Qe5 35.Rxb4 Kh8
36.Rh4 Kg8 37.Rb4 Kh8  1-0

[Event "XXI Carlos Torre KO"]
[Site "Merida MEX"]
[Date "2008.12.18"]
[Round "2.1"]
[White "Geetha Narayanan,G"]
[Black "Onischuk,Al"]
[Result "1/2-1/2"]
[WhiteElo "2548"]
[BlackElo "2644"]

1.e4 e5 2.Nf3 Nc6 3.Bb5 Nf6 4.d3 d6 5.O-O a6 6.Bxc6+ bxc6 7.d4 exd4 8.Qxd4 c5
9.Qd3 Be7 10.Nc3 O-O 11.h3 Be6 12.Re1 Nd7 13.Bf4 Nb6 14.Nd5 Nxd5 15.exd5 Bd7
16.c3 Re8 17.b4 cxb4 18.cxb4 Qb8 19.a3 a5 20.bxa5 Rxa5 21.Ng5 Bxg5 22.Bxg5 f6
23.Bd2 Ra8 24.Rxe8+ Bxe8 25.Rc1 Bf7 26.Bb4 Qb7 27.Qc3 Bxd5 28.Qxc7 Bxg2 29.Qxb7 Bxb7
30.Bxd6 Rc8 31.Rxc8+ Bxc8  1/2-1/2

[Event "XXI Carlos Torre KO"]
[Site "Merida MEX"]
[Date "2008.12.19"]
[Round "3.1"]
[White "Sadvakasov,D"]
[Black "Onischuk,Al"]
[Result "0-1"]
[WhiteElo "2643"]
[BlackElo "2644"]

1.e4 e5 2.Nf3 Nc6 3.Bb5 a6 4.Ba4 Nf6 5.O-O Be7 6.Re1 b5 7.Bb3 O-O 8.a4 b4
9.a5 d6 10.d3 Be6 11.Nbd2 Rb8 12.Nc4 Qc8 13.h3 h6 14.Be3 Rd8 15.Nfd2 d5 16.exd5 Bxd5
17.f4 exf4 18.Bxf4 Bc5+ 19.Kh2 Nd4 20.Ba4 Qf5 21.Bg3 Qg5 22.Nf1 Nf5 23.Re5 Bf2
24.Rxf5 Qxf5 25.Qe2 Bxg3+ 26.Nxg3 Qe6 27.Ne5 b3 28.c3 Ba8 29.d4 c5 30.dxc5 Rd5
31.Re1 Rxc5 32.Qe3 Rxa5 33.Qa7 Rf8 34.Ng6 Qxe1 35.Nxf8 Rxa4  0-1

[Event "XXI Carlos Torre KO"]
[Site "Merida MEX"]
[Date "2008.12.21"]
[Round "5.1"]
[White "Quezada Perez,Y"]
[Black "Onischuk,Al"]
[Result "1/2-1/2"]
[WhiteElo "2580"]
[BlackElo "2644"]

1.e4 e5 2.Nf3 Nc6 3.Bb5 a6 4.Ba4 Nf6 5.O-O Be7 6.d3 d6 7.c3 O-O 8.Nbd2 Re8
9.Re1 Bf8 10.Nf1 h6 11.Ng3 b5 12.Bc2 d5 13.exd5 Qxd5 14.Ne4 Nxe4 15.dxe4 Qxd1
16.Rxd1 Be6 17.Be3 Rad8 18.Bb3 Rxd1+ 19.Rxd1 Na5 20.Bxe6 Rxe6 21.Rd7 Nc4
22.Rxc7 Nxb2 23.Rc8 Nc4 24.Bc5 Nd6 25.Ra8 Ne8 26.Bb4  1/2-1/2

[Event "XXI Carlos Torre KO"]
[Site "Merida MEX"]
[Date "2008.12.21"]
[Round "5.2"]
[White "Onischuk,Al"]
[Black "Quezada Perez,Y"]
[Result "1-0"]
[WhiteElo "2644"]
[BlackElo "2580"]

1.d4 Nf6 2.c4 e6 3.g3 Bb4+ 4.Bd2 Be7 5.Bg2 d5 6.Nf3 O-O 7.O-O c6 8.Qc2 b6
9.Bf4 Bb7 10.Rd1 Nh5 11.Bc1 Nd7 12.Ne5 Rc8 13.Qa4 Nxe5 14.dxe5 g6 15.Qxa7 Qc7
16.Be3 Bd8 17.Qa4 Qxe5 18.Nc3 Qb8 19.Rac1 Ng7 20.cxd5 cxd5 21.Bf4 Bc7 22.Bxc7 Rxc7
23.e4 dxe4 24.Nxe4 Bxe4 25.Qxe4 Rxc1 26.Rxc1 Nf5 27.Rd1 Kg7 28.Rd7 Rd8 29.Qxe6 Rxd7
30.Qxd7 Qe5 31.Qd2 h5 32.h4 Nd4 33.a4 Ne6 34.Qc3 Nd4 35.Kh2 Qf6 36.f4 Qd6
37.b4 Kg8 38.a5 bxa5 39.bxa5 Nf5 40.Qc8+ Kg7 41.Qc3+ Kg8 42.Bh3 Qd1 43.Bxf5 Qe2+
44.Kg1 gxf5 45.Qe5 Qd1+ 46.Kh2 Qc2+ 47.Kh3 Qd1 48.Qe8+ Kg7 49.Qa8 Kh7 50.Qg2 Qa1
51.Qd5 Kg6 52.Kh2 f6 53.Qd2 Kh6 54.Qb4 Kg6 55.Kg2 Qa2+ 56.Kf1 Qd5 57.Qc3 Qe4
58.Kf2 Qa4 59.Ke3 Qd1 60.Kf2 Qd5 61.Ke2 Qg2+ 62.Kd1 Qa2 63.Kc1 Qe2 64.Kb1 Kg7
65.Qc7+ Kg6 66.Qc3 Kg7 67.Kc1 Qa2 68.Qd2 Qa3+ 69.Kc2 Qa2+ 70.Kd3 Qd5+ 71.Ke3 Qc5+
72.Ke2 Qc4+ 73.Ke1 Kg6 74.Kf2 Qc5+ 75.Kg2 Qc6+ 76.Kh2 Qc4 77.Qg2 Kh6 78.Kh3 Kg6
79.Qh1 Qe2 80.Qd5 Qf1+ 81.Kh2 Qe2+ 82.Qg2 Qc4 83.Qb2 Kg7 84.Qb7+ Kg6 85.Qg2 Kg7
86.Qd2 Kg6 87.Kg1 Qc5+ 88.Kf1 Qc4+ 89.Qe2 Qc1+ 90.Kg2 Qc6+ 91.Kh2 Qa4 92.a6 Qa3
93.Kg2 Qa4 94.Kh3 Qc6 95.Kh2 Qa4 96.Kg1 Qa1+ 97.Kg2 Qa4 98.Kh2 Kh6 99.Qe6 Kg6
100.Qg8+ Kh6 101.Qh8+ Kg6 102.Qg8+ Kh6 103.Qa8 Qa2+ 104.Kh3 Qg8 105.Qg2 Qg7
106.Qf3  1-0

[Event "Open A"]
[Site "Moscow RUS"]
[Date "2009.02.05"]
[Round "6"]
[White "Svetushkin,D"]
[Black "Onischuk,Al"]
[Result "0-1"]
[WhiteElo "2593"]
[BlackElo "2659"]

1.e4 e5 2.Nf3 Nc6 3.Bc4 Bc5 4.c3 Nf6 5.d3 d6 6.Bb3 a6 7.O-O O-O 8.Re1 Ba7
9.h3 h6 10.Nbd2 Be6 11.Bc2 Re8 12.Nf1 d5 13.exd5 Nxd5 14.Ng3 Qd6 15.Qe2 f5
16.Nh4 Qd7 17.Bd2 Nf4 18.Qf1 g5 19.Nf3 Bd5 20.d4 e4 21.Bxf4 gxf4 22.Nh5 Qf7
23.Nxf4 Bc4 24.Qxc4 Qxc4 25.Bb3 Qxb3 26.axb3 exf3 27.gxf3 Kf7 28.Re3 Re7
29.b4 Rg8+ 30.Kf1 Bb8 31.Nd3 Rxe3 32.fxe3 Rg3 33.Kf2 Rxh3 34.b5 axb5 35.Ra8 Rh2+
36.Kg3 Re2 37.Ne5+ Nxe5 38.dxe5 Ke6 39.Rxb8 Kxe5 40.Rxb7 c6 41.Re7+ Kd6 42.Rf7 Rxb2
43.Rf6+ Kc5 44.Kf4 Rc2 45.Rxf5+ Kc4 46.e4 c5 47.Ke5 Rxc3 48.Kd6 Kb4 49.e5 Rd3+
50.Kc6 Re3 51.Kd6 c4 52.e6 c3 53.Rf4+ Kb3 54.Re4 Rd3+ 55.Ke5 c2 56.e7 c1=Q
57.e8=Q Qc5+ 58.Kf6 Rxf3+ 59.Kg7 Qg5+  0-1

[Event "Open A"]
[Site "Moscow RUS"]
[Date "2009.02.06"]
[Round "7"]
[White "Onischuk,Al"]
[Black "Nepomniachtchi,I"]
[Result "1/2-1/2"]
[WhiteElo "2659"]
[BlackElo "2628"]

1.d4 d5 2.c4 c6 3.Nc3 Nf6 4.Nf3 e6 5.Bg5 h6 6.Bh4 dxc4 7.e4 g5 8.Bg3 b5 9.Ne5 Bb7
10.h4 g4 11.Nxg4 Nxg4 12.Qxg4 Qxd4 13.Rd1 Qf6 14.e5 Qf5 15.Qd4 Be7 16.a4 Kf8
17.Be2 b4 18.Bg4 c5 19.Qxc4 Qc2 20.Rd2 Qc1+ 21.Rd1 Qc2 22.Rd2  1/2-1/2

[Event "Open A"]
[Site "Moscow RUS"]
[Date "2009.02.07"]
[Round "8"]
[White "Savchenko,B"]
[Black "Onischuk,Al"]
[Result "0-1"]
[WhiteElo "2654"]
[BlackElo "2659"]

1.e4 e5 2.Nf3 Nc6 3.Bc4 Bc5 4.c3 Nf6 5.d3 d6 6.Bb3 a6 7.Nbd2 Ba7 8.Nf1 Be6
9.Ng3 h6 10.h3 Qd7 11.Nh4 g6 12.Qe2 O-O-O 13.Ba4 d5 14.Nf3 b5 15.Bb3 d4 16.Bc2 Qd6
17.O-O Nd7 18.Kh2 f5 19.exf5 gxf5 20.Nh4 e4 21.dxe4 fxe4 22.Bxe4 Rhe8 23.f4 Nf6
24.Rd1 Nxe4 25.Nxe4 Qe7 26.Ng6 Qg7 27.Qh5 dxc3 28.Nxc3 b4 29.Qf3 Qxg6 30.Qxc6 Bf5
31.Qa8+ Bb8 32.Be3 bxc3 33.Ba7 Rd2 34.Qxb8+ Kd7 35.Rxd2+ cxd2 36.Qb4 Re2
37.Bf2 Bc2 38.Qd4+ Qd6 39.Qg7+ Kc8 40.Qg4+ Qe6 41.f5 Bxf5 42.Qf3 Qe5+ 43.Kg1 Re1+
44.Bxe1 dxe1=Q+ 45.Rxe1 Qxe1+ 46.Kh2 Qe5+ 47.Kg1 Qe4 48.Qh5 Qe3+ 49.Kh2 Be4
50.Qe5 Qe2 51.Qg7 Kb7 52.a3 h5 53.Kg1 h4 54.Kh2 Qd2 55.b4 Qf4+ 56.Kg1 Qe3+
57.Kh2 Qf4+ 58.Kg1 Qc1+ 59.Kh2 Qxa3 60.Qg4 Qxb4 61.Qxh4 a5 62.Qg4 a4 63.h4 a3
64.Qe2 Bd5 65.h5 Qb2  0-1

[Event "LV Abierto Mexicano"]
[Site "Toluca MEX"]
[Date "2009.04.08"]
[Round "1"]
[White "Onischuk,Al"]
[Black "De los Santos Coello,J"]
[Result "1-0"]
[WhiteElo "2684"]
[BlackElo "2050"]

1.d4 Nf6 2.c4 c5 3.d5 b5 4.cxb5 a6 5.bxa6 Bxa6 6.Nc3 d6 7.Nf3 g6 8.g3 Bg7
9.Bg2 O-O 10.O-O Nbd7 11.Rb1 Ng4 12.h3 Nge5 13.Nd2 Qc7 14.Qc2 Rab8 15.b3 Nb6
16.Rd1 e6 17.Nde4 exd5 18.Nxd5 Nxd5 19.Rxd5 Bb7 20.Rd1 Rbd8 21.Bg5 f6 22.Bf4 Rf7
23.Bxe5 Bxe4 24.Bxe4  1-0

[Event "LV Abierto Mexicano"]
[Site "Toluca MEX"]
[Date "2009.04.09"]
[Round "2"]
[White "Lorenzana,W"]
[Black "Onischuk,Al"]
[Result "0-1"]
[WhiteElo "2215"]
[BlackElo "2684"]

1.e4 e5 2.Nf3 Nc6 3.Bc4 Nf6 4.d3 Be7 5.O-O O-O 6.c3 d5 7.exd5 Nxd5 8.Re1 Bg4
9.Nbd2 Kh8 10.h3 Bh5 11.Nf1 Nb6 12.Bb5 f6 13.Ng3 Be8 14.Qe2 Bd6 15.Nf5 a6
16.Bxc6 Bxc6 17.d4 Qd7 18.Nxd6 cxd6 19.Be3 Nd5 20.c4 Nxe3 21.fxe3 Be4 22.Nd2 Bg6
23.b3 Rae8 24.Qf2 f5 25.Nf3 e4 26.Nd2 h6 27.g3 Bh5 28.Qh2 Qd8 29.Rf1 Qa5
30.h4 Bg4 31.Rf2 Rf6 32.Qg2 g5 33.b4 Qa3 34.hxg5 hxg5 35.Re1 Kg7 36.Qf1 Rh8
37.Rh2 Rxh2 38.Kxh2 Qxa2 39.Qf2 Rh6+ 40.Kg1 Bf3  0-1

[Event "LV Abierto Mexicano"]
[Site "Toluca MEX"]
[Date "2009.04.09"]
[Round "3"]
[White "Onischuk,Al"]
[Black "Villarreal Felix,J"]
[Result "1-0"]
[WhiteElo "2684"]
[BlackElo "2328"]

1.d4 f5 2.c4 Nf6 3.Nc3 e6 4.Nf3 g6 5.g3 Bg7 6.Bg2 O-O 7.O-O d6 8.Re1 Ne4
9.Qc2 Nxc3 10.Qxc3 c5 11.Be3 Nc6 12.Rad1 Qb6 13.Qd2 Re8 14.b3 Bf8 15.dxc5 dxc5
16.Bh6 a5 17.Bxf8 Rxf8 18.Qh6 Qc7 19.Ng5 Ne5 20.h3 Qg7 21.Qxg7+ Kxg7 22.Rd6 Ra6
23.Rxa6 bxa6 24.Rd1 h6 25.f4 Nf7 26.Nxf7 Rxf7 27.Rd6 Rc7 28.e4 Kf7 29.e5 Ke7
30.Bc6 Kf7 31.Kf2 g5 32.Ke3 Kg6 33.Bf3 Kf7 34.fxg5 hxg5 35.h4 Kg6 36.Rd8 f4+
37.gxf4 gxh4 38.Rg8+ Kh7 39.Rg4 Bb7 40.Rxh4+ Kg7 41.f5 Bxf3 42.Kxf3 exf5
43.Kf4 Kg6 44.Rh3 Rd7 45.Rg3+ Kf7 46.Kxf5 Rd2 47.a4 Rh2 48.e6+ Kf8 49.Ke5 Rd2
50.Rh3 Rd1 51.Rh8+ Ke7 52.Rh7+ Ke8 53.Ra7 Rd3 54.Rxa6 Rxb3 55.Rxa5 Ra3 56.Rxc5 Rxa4
57.Kf6 Ra8 58.Rh5  1-0

[Event "LV Abierto Mexicano"]
[Site "Toluca MEX"]
[Date "2009.04.10"]
[Round "4"]
[White "Leon Hoyos,M"]
[Black "Onischuk,Al"]
[Result "0-1"]
[WhiteElo "2527"]
[BlackElo "2684"]

1.d4 f5 2.Nf3 Nf6 3.g3 g6 4.Bg2 Bg7 5.O-O O-O 6.c4 d6 7.d5 Na6 8.Nd4 Bd7
9.Qc2 Nb4 10.Qb3 c5 11.dxc6 Nxc6 12.Rd1 Nxd4 13.Rxd4 Ne4 14.Rd1 Qb6 15.Bxe4 fxe4
16.Be3 Qxb3 17.axb3 Bxb2 18.Rxa7 Bc6 19.Rxa8 Rxa8 20.Bd4 Bxd4 21.Rxd4 e3
22.fxe3 Ra1 23.Rd1 Be4 24.Nc3 Rxd1+ 25.Nxd1 Bc2 26.Nb2 Bxb3 27.Kf2 d5 28.c5 Kf7
29.Nd3 Ba4 30.Kf3 Bc6 31.Kf4 Kf6 32.h4 h6 33.e4 dxe4 34.Nf2 Ke6 35.Ng4 Kd5
36.Nxh6 Kxc5 37.g4 b5 38.Ke3 b4 39.Kd2 e3+ 40.Kxe3 b3 41.Kd2 Kb4 42.h5 b2  0-1

[Event "LV Abierto Mexicano"]
[Site "Toluca MEX"]
[Date "2009.04.10"]
[Round "5"]
[White "Onischuk,Al"]
[Black "Borges Mateos,J"]
[Result "1/2-1/2"]
[WhiteElo "2684"]
[BlackElo "2459"]

1.d4 d5 2.c4 dxc4 3.e4 Nf6 4.e5 Nd5 5.Bxc4 Nc6 6.Nc3 Nb6 7.Bb5 Bd7 8.Nf3 e6
9.O-O Nb4 10.Be2 Be7 11.a3 N4d5 12.Ne4 a6 13.Nc5 Qc8 14.Qb3 Bxc5 15.dxc5 Ba4
16.Qd3 Bb5 17.Qc2 Bxe2 18.Qxe2 Nd7 19.Qc4 Nf8 20.h4 Ng6 21.h5 Nge7 22.b4 Qd7
23.a4 h6 24.Rd1 O-O 25.Nh4 Rfd8 26.Rd3 Nc6 27.Rg3 Kh8 28.Bxh6 gxh6 29.Qc1 Kh7
30.Qc2+ Kh8 31.Qc1  1/2-1/2

[Event "LV Abierto Mexicano"]
[Site "Toluca MEX"]
[Date "2009.04.11"]
[Round "6"]
[White "Gonzalez Zamora,J"]
[Black "Onischuk,Al"]
[Result "1/2-1/2"]
[WhiteElo "2552"]
[BlackElo "2684"]

1.d4 Nf6 2.Nf3 e6 3.c4 d5 4.Nc3 Be7 5.Bg5 h6 6.Bh4 O-O 7.e3 b6 8.Bd3 Bb7
9.O-O Nbd7 10.Qe2 c5 11.Rfd1 Ne4 12.Bg3 Nxg3 13.hxg3 cxd4 14.Nxd4 Nf6 15.Rac1 Rc8
16.cxd5 Nxd5 17.Bc4 Bf6 18.Bxd5 Bxd5 19.Ndb5 Qe7 20.Nxd5 exd5 21.Qd2 Qd7
22.Nc3 Bxc3 23.Rxc3 Rxc3 24.Qxc3 Qa4 25.Rxd5 Qxa2 26.Qd4 Rc8 27.g4 Qc4 28.Rd8+ Kh7
29.Rxc8 Qxc8 30.Kh2 Qe6 31.Kg3 a5 32.f4 Qb3 33.Qe4+ g6 34.f5 Qxb2 35.fxg6+ Kg7
36.gxf7 Qf6 37.f8=Q+ Kxf8 38.Qa8+ Kf7 39.Qb7+ Kg8 40.Qb8+ Kf7  1/2-1/2

[Event "LV Abierto Mexicano"]
[Site "Toluca MEX"]
[Date "2009.04.11"]
[Round "7"]
[White "Onischuk,Al"]
[Black "Trent,L"]
[Result "1-0"]
[WhiteElo "2684"]
[BlackElo "2466"]

1.d4 Nf6 2.c4 g6 3.Nc3 Bg7 4.e4 d6 5.Nf3 O-O 6.Be2 e5 7.Be3 c6 8.O-O exd4
9.Bxd4 Re8 10.Nd2 Nbd7 11.Re1 Nc5 12.Bf1 Ng4 13.Nf3 Ne5 14.Nxe5 Bxe5 15.Qd2 Qf6
16.Rad1 a5 17.g3 Bg4 18.f4 Bxd4+ 19.Qxd4 Qxd4+ 20.Rxd4 f5 21.Rxd6 fxe4 22.Kf2 Rad8
23.Rxd8 Rxd8 24.Ke3 Bf3 25.Rc1 Kf7 26.Rc2 Kf6 27.Rd2 Rxd2 28.Kxd2 g5 29.Ke3 h5
30.fxg5+ Kxg5 31.Bh3 Kf6 32.Kd4 Nd3 33.c5 Ke7 34.Bc8 Kd8 35.Bxb7 Kc7 36.Ba6 Nb4
37.Bf1 Nc2+ 38.Ke5 Ne3 39.Bh3 Nc4+ 40.Kd4 Nxb2 41.Nxe4 Nd1 42.Bf5 Kd8 43.Nc3 Nf2
44.Ke3 Bg4 45.Be4 Nxe4 46.Kxe4 Ke7 47.Ke5 Be6 48.a3 Bb3 49.Ne2 Be6 50.Nd4 Bd7
51.Nb3 a4 52.Nd4 Be8 53.Nf5+ Kd7 54.Kf6  1-0

[Event "LV Abierto Mexicano"]
[Site "Toluca MEX"]
[Date "2009.04.12"]
[Round "8"]
[White "Zapata,Alo"]
[Black "Onischuk,Al"]
[Result "1/2-1/2"]
[WhiteElo "2514"]
[BlackElo "2684"]

1.e4 e5 2.Nf3 Nc6 3.Bb5 a6 4.Ba4 Nf6 5.O-O d6 6.Re1 Bd7 7.c3 g6 8.d4 Bg7
9.d5 Ne7 10.c4 b5 11.Bb3 O-O 12.c5 Bg4 13.c6 Nh5 14.h3 Bxf3 15.Qxf3 f5 16.Nc3 Rf7
17.Qd1 b4 18.Nb1 Nf4 19.Bc2 fxe4 20.Bxe4 Nf5 21.Nd2 Qg5 22.Kh2 Qh4 23.Rf1 Nd4
24.Qg4 Qe7 25.Nb3 Raf8 26.Bd2 h5 27.Qd1 Qh4 28.f3 Nxg2 29.Kxg2 Nxf3 30.Qe2 Ng5
31.Bxg5 Qxg5+ 32.Kh1 Qh4 33.Kg2 Qg5+ 34.Kh2 Qh4 35.Kg2  1/2-1/2

[Event "TCh-UKR Teams"]
[Site "Alushta UKR"]
[Date "2009.05.27"]
[Round "7"]
[White "Onischuk,Al"]
[Black "Korobov,A"]
[Result "1/2-1/2"]
[WhiteElo "2684"]
[BlackElo "2616"]

1.d4 Nf6 2.c4 g6 3.Nc3 Bg7 4.Nf3 d6 5.g3 O-O 6.Bg2 Nc6 7.O-O a6 8.Qd3 e6
9.Bf4 Nh5 10.Bg5 f6 11.Be3 f5 12.d5 exd5 13.Qxd5+ Kh8 14.Qd2 Be6 15.Nd4 Bd7
16.Nxc6 bxc6 17.Bd4 Nf6 18.e4 fxe4 19.Nxe4 Nxe4 20.Bxe4 Bxd4 21.Qxd4+ Qf6
22.Qxf6+ Rxf6 23.c5 Rb8 24.b3 Kg7 25.Rfe1 a5 26.Rac1 Re6 27.Bd3 Rxe1+ 28.Rxe1 Kf6
29.f4 Rb4 30.Kf2 a4 31.Bc2 Be6 32.a3 Rb7 33.b4 dxc5 34.Bxa4 cxb4 35.axb4 Rxb4  1/2-1/2

[Event "10th Karpov"]
[Site "Poikovsky RUS"]
[Date "2009.06.03"]
[Round "1"]
[White "Naiditsch,A"]
[Black "Onischuk,Al"]
[Result "1-0"]
[WhiteElo "2700"]
[BlackElo "2684"]

1.e4 e5 2.Nf3 Nc6 3.Bb5 a6 4.Ba4 Nf6 5.O-O d6 6.Bxc6+ bxc6 7.d4 exd4 8.Nxd4 c5
9.Nc6 Qd7 10.Na5 Qb5 11.Bd2 Bg4 12.f3 Be6 13.c4 Qb6 14.Bc3 Be7 15.Nd2 O-O
16.f4 Ng4 17.f5 Ne3 18.Qh5 Nxf1 19.Rxf1 Bd7 20.f6 Bxf6 21.Rxf6 Rae8 22.Qg5 Re7
23.Re6  1-0